000 00495cam a22002054a 4500
005 20250605164322.0
008 250528s ||||||||||||||||||||||||d
035 _a22956
020 _a9780273642107
040 _aGR-AtMCL
_bgre
_dGR-AtMCL
_eAACR2
245 1 _aSELLING AND SALES MANAGEMENT
250 _a5
260 _bFinancial Times,
_c2000
300 _a453
700 1 _aJobber David
_92074
700 1 _aLancaster Geoff
_92075
942 _cBK
999 _c7998
_d7998